00646nam a2200169 i 450000100060000000300090000600500170001500700030003200800410003510000350007624500970011126000560020830000410026485200320030599900170033795201220035462350ES-MaACL20230906164642.0t|031120s1971 sp ||||1| spa d1 aFelipe Ferrero, Felipe.94917214aLas tablas de Fernando Gallego en Arcenillas del Vino (Zamora) /cpor Felipe Felipe Ferrero. a[Valladolid : bs.n., c1971] (fAndrés Martín) a111 p., 20 lám. : bil. ; c23 cm. aES-MaACLjC-44537 bR.77485 c62350d62350 00104070aATENEOMbATENEOMcDEPO2d2008-01-17eSCl0oC-44537p1065367r2023-02-23 00:00:00w2023-02-23yMONOGRAFIA